00800 a2200169 45000010006000000050017000060080041000230030015000640400040000790800134001192450090002532640048003433000018003915050179004091000020005887000022006085793620260407155839.0260407a arg spa d AR-UNSa-BCEJYS aAR-UNSa-BCEJYSbspacAR-UNSa-BCEJYS a338.2(82)xPolítica económica. Control de la economía. Gestión de la economía. Planificación económica en Argentina10aCrisis ProvincialespMás allá de la eficiencia del Estado¿Existe el Federalismo? 1aBuenos Aires :bFundación Friedrich Ebert a38 p.c21 cm. a1. Introducción – 2. Los fenómenos más evidentes de la crisis y sus niveles inmediatos de explicación – 3. Propuestas y razones – 4. ¿Subsiste el federalismo? 1 aMarqués, Nora1 aRofman, Alejandro